| 000 | 01499nam a2200253Ia 4500 | ||
|---|---|---|---|
| 999 |
_c39661 _d39661 |
||
| 001 | 6263 | ||
| 003 | GE_BSU | ||
| 005 | 20191104165339.0 | ||
| 008 | 181216s2013||||ge |||||||||||||| ||geo|| | ||
| 020 | _a9789941052019 | ||
| 040 | _cGE_BSU | ||
| 080 | _a665.6(083) ა-20 | ||
| 100 |
_aაბშილავა, ანზორ _95251 |
||
| 245 |
_aგაზომვის მეთოდების შემმუშავებელი ამერიკული საზოგადოების (ASTM) ზოგიერთი სტანდარტული ანალიზის მიმოხილვა : _bნაწ. 3. დამხმ. ლიტ. ნავთობისა და გაზის სპეციალობისათვის / _cანზორ აბშილავა, დავით ჩხაიძე, მადონა ლორია ; რედ. ნანა ხუნდაძე. |
||
| 264 |
_aბათუმი, _c2013. |
||
| 300 |
_a54 გვ. ; _b20 სმ. |
||
| 653 | _aგაზომვის მეთოდები | ||
| 653 | _aნავთობპროდუქტები | ||
| 700 |
_a აბშილავა, ანზორ _eავტორი _95252 |
||
| 700 |
_a ჩხაიძე, დავით _eავტორი _95253 |
||
| 700 |
_a ლორია, მადონა _eავტორი _95254 |
||
| 700 |
_a ხუნდაძე, ნანა _eრედაქტორი _95255 |
||
| 942 |
_cBK _2udc |
||